000 04608cam a2200721 i 4500
001 0008116496
003 OSt
005 20260528201325.0
007 ta
008 251208s2026 fr 000 f fre d
020 _a9782702192979
_q(broch)̌
024 3 _a9782702192979
040 _aBTLF
_bfre
_erda
_cBTLF
_dSQTD
_dSDM
_dSQTD
_dQMBND
082 0 5 _a848.92
_bM9897c
_223/fre/202603
082 0 5 _aM 9896cdp
_bM9897c
_223/fre/202603
091 0 _aMusso
100 1 _aMusso, Guillaume,
_d1974-
_eauteur
245 1 3 _aLe crime du paradis :
_broman /
_cGuillaume Musso.
264 1 _aParis :
_bCalmann-Lv̌y,
_c2026.
264 4 _c♭2026
300 _a475 pages ;
_c23 cm
336 _atexte
_btxt
_2rdacontent
337 _asans mďiation
_bn
_2rdamedia
338 _avolume
_bnc
_2rdacarrier
520 _aUne histoire sombre et splendide dans une Côte d’Azur magnétique et sensuelle . Florence et Julian Livingstone, un couple d’Américains fortunés, réunissent chaque été un petit cercle d’amis dans leur somptueuse maison du cap d’Antibes, la Villa Starlight. Mais ce monde idyllique s’effondre la nuit où Oscar, leur fils de trois ans, est enlevé dans des conditions mystérieuses. . Alors que l’affaire passionne le monde entier et que la peur se répand, le policier chargé de l’enquête se heurte à un mur de mensonges et de secrets. Son chemin va croiser celui de la jeune romancière Agatha Harding qui espère s’emparer du drame pour écrire un best-seller….
650 6 _aPoliciers
_vRomans, nouvelles, etc.
650 6 _aRomancir̈es
_vRomans, nouvelles, etc.
650 6 _aVacances
_zFrance
_zAntibes, Cap d'
_vRomans, nouvelles, etc.
650 6 _aRoman
_xArt d'črire
_vRomans, nouvelles, etc.
650 6 _aEnlv̈ement de mineurs
_xEnqut̊es
_vRomans, nouvelles, etc.
650 6 _aEnfants disparus
_xEnqut̊es
_vRomans, nouvelles, etc.
650 6 _aAnněs vingt (Vingtim̈e sic̈le)
_vRomans, nouvelles, etc.
651 6 _aAntibes, Cap d' (France)
_vRomans, nouvelles, etc.
655 7 _aRomans s̉uspense
_2rvmgf
655 7 _aRomans policiers
_2rvmgf
655 7 _aRomans franȧis
_y21e sic̈le
_2local
942 _2ddc
_cROM ADULTE
999 _c18859
_d18859